000
00273nam a22000977a 4500
999
_c
4664
_d
4664
008
161207b xxu||||| |||| 00| 0 eng d
020
_a
9788175690875
100
_9
1899
_a
Soni. A
245
_a
The brain game : Learning computer -8
260
_a
New delhi
_b
Navdeep publication
_c
2004